书目信息 |
| 题名: |
大学英语六级听力
|
|
| 作者: | 赵小江 , 杨世登 主编 | |
| 分册: | ||
| 出版信息: | 北京 国防工业出版社 2005.03 |
|
| 页数: | 329页 | |
| 开本: | 20cm | |
| 丛书名: | 英语听力进阶系列教材 | |
| 单 册: | ||
| 中图分类: | H319.9 | |
| 科图分类: | ||
| 主题词: | 英语--听说教学--高等学校--水平考试--教材 | |
| 电子资源: | ||
| ISBN: | 7-118-03781-8 | |
| 000 | 00908nam2 2200265 450 | |
| 001 | 010253468870 | |
| 005 | 20050922151419.03 | |
| 010 | @a7-118-03781-8@dCNY20.00 (含光盘) | |
| 100 | @a20050726d2005 km y0chiy0120 ea | |
| 101 | 0 | @achi@aeng |
| 102 | @aCN@b110000 | |
| 105 | @ay z 000yy | |
| 200 | 1 | @a大学英语六级听力@Ada xue ying yu liu ji ting li@f赵小江, 杨世登主编@Fzhao xiao jiang,yang shi deng zhu bian |
| 210 | @a北京@c国防工业出版社@d2005.03 | |
| 215 | @a329页@d20cm@e光盘1片 | |
| 225 | 2 | @a英语听力进阶系列教材 |
| 307 | @a光盘 ISBN : 7-88704-098-1 | |
| 330 | @a本书为英语听力进阶系列教材——大学英语六级听力介绍。 | |
| 410 | 0 | @12001 @a英语听力进阶系列教材 |
| 606 | 0 | @a英语@x听说教学@x高等学校@x水平考试@j教材 |
| 690 | @aH319.9@v4 | |
| 701 | 0 | @a赵小江@Azhao xiao jiang@4主编 |
| 701 | 0 | @a杨世登@Ayang shi deng@4主编 |
| 801 | 0 | @aCN@bQSSK@c20050922 |
| 905 | @a10447@dH319.9@eZ332 | |
| 大学英语六级听力/赵小江, 杨世登主编.-北京:国防工业出版社,2005.03 |
| 329页;20cm+光盘1片.-(英语听力进阶系列教材) |
| ISBN 7-118-03781-8:CNY20.00 (含光盘) |
| 本书为英语听力进阶系列教材——大学英语六级听力介绍。 |
| ● |
| 相关链接 |
|
|
|
正题名:大学英语六级听力
索取号:H319.9/Z332
 
预约/预借
| 序号 | 登录号 | 条形码 | 馆藏地/架位号 | 状态 | 备注 |
| 1 | 525883 | 205258834 | 语言库209/209语言库 113排2列5层/ [索取号:H319.9/Z332] | 在馆 | |
| 2 | 525884 | 205258843 | 语言库209/209语言库 113排2列5层/ [索取号:H319.9/Z332] | 在馆 | |
| 3 | 525885 | 205258852 | 自科二线504/504自科库 45排2列3层/ [索取号:H319.9/Z332] | 在馆 |